000 01313cam a22003497a 4500
003 CHAP
005 20220329142431.0
008 010129d2001 mx o r 00110 spa d
010 _a83384
011 _a84356
035 _a94876
040 _cCHAP
090 _aTesis
100 0 0 _aMarín Lara, Nelson E. D.
_971497
245 1 0 _aMalla de polipropileno en semilleros de papayo cv. maradol roja, para reducir los daños del virus de la mancha anular del papayo, en Veracruz
_c/por Nelson E. D. Marín Lara.
260 _aChapingo, Méx. :
_bEl autor,
_c2001.
300 _a67h. :
_bfots.; gráfs.; cuads.
502 _aTesis (Ing. Agr. Esp. en Parasitología Agrícola) -- UACH. Departamento de Parasitología Agrícola.
590 _aALEPH
_b10
_c20130110
_lUCH01
_h1441
590 _aBATCH-UPD
_b10
_c20130110
_lUCH01
_h0800
590 _aBATCH-UPD
_b10
_c20130410
_lUCH01
_h0439
590 _aBATCH-UPD
_b10
_c20130914
_lUCH01
_h1742
590 _aCONVERSION
_b10
_c20130109
_lUCH01
_h1346
650 1 4 _aMancha anular del papayo.
_970296
650 1 4 _aPapaya
_xEnfermedades por virus.
_985335
650 1 4 _aPapaya
_xVeracruz.
_985362
901 _aBK
905 _aEdna Luz
942 _cFOLL
949 _bBC
_cTES
_d33724000816245
_eTS2
_fc.2
_h37868
_i94876
_si
949 _bBC
_cTES
_d948761
_eTS1
_h37867
_i94876
_sb
999 _c83384
_d83384